000 00296nam a22001337a 4500
008 170713b xxu||||| |||| 00| 0 eng d
020 _a9780375750366
041 _aeng
080 _a101
100 _a24
101 _aFIL
245 _aCONFESSIONS OF A PHILOSOPHER
_cMAGEE,B
942 _2udc
_cBK
999 _c20632
_d20632